000 00931nas a2200277 4500
001 BR0700281
003 BR-BrBNA
005 20231205110509.0
007 ta
008 230509b bl.|||p| |||| 00| 00por d
040 _aBR-BrBNA
_bpor
_cBiblioteca Nacional de Agricultura
041 _a(Pt)
072 _aM12
100 1 _aMoura Junior, A.M.
100 1 _aBezerra Neto, E.
100 1 _aKoening, M.L.
100 1 _aLeça, E.E.
245 1 _aComposição química de microalgas em cultivo semi-intensivo: Chaetoceros gracilis Schutt, Isochrysis galbana Parke e Thalassiosira weissflogii (Grunow)G. Fryxell Hasle
650 _aMICROALGA
650 _aCHAETOCEROS GRACILIS
650 _aALGA MARINHA
650 _aCOMPOSIÇÃO QUÍMICA
773 0 _tRevista Ciência Agronômica (Brazil)
_xISSN 0045-6888
_g(2006), v. 37(2) p. 144-148
_wBR0700281
909 _a202311
_bLúcia
_c55
_dLúcia Elande
942 _2AGRIS
_n0
_cANA
999 _c187629
_d187629